| 000 | 00681nam a2200193 4500 | ||
|---|---|---|---|
| 001 | 121902 | ||
| 003 | ES-MaACL | ||
| 005 | 20250826083352.0 | ||
| 007 | t| | ||
| 008 | 070214s1932 sz r ||||1| fre d | ||
| 245 | 0 | 0 |
_aPneumoconioses _b: essai bibliographique / _cBureau International du Travail. |
| 260 |
_aGenève : _bBureau International du Travail, _c1932. |
||
| 300 |
_aIV, 78 p. ; _c24 x 16 cm. |
||
| 490 | 1 |
_aEtudes et documents. Serie F. Hygiene industrielle ; _v15 |
|
| 710 | 1 |
_aOficina Internacional del Trabajo _96023 |
|
| 830 | 0 |
_aEtudes et documents. Serie F. Hygiene industrielle ; _v15 _9218796 |
|
| 852 |
_aES-MaACL _j1761-F-23 |
||
| 999 |
_c121902 _d121902 |
||